| 000 | 01209nam a2200337 a 4500 | ||
|---|---|---|---|
| 001 | 8162051 | ||
| 003 | OSt | ||
| 005 | 20140310182432.0 | ||
| 006 | m d | ||
| 007 | cr n | ||
| 008 | 080227s2008 enka ob 001 0 eng d | ||
| 015 |
_aGBA826073 _2bnb |
||
| 016 | 7 |
_a014532037 _2Uk |
|
| 020 | _a9780853697169 | ||
| 020 | _a0853697167 | ||
| 035 | _a(WaSeSS)ssj0000125933 | ||
| 040 |
_aUKM _cUKM _dBTCTA _dBAKER _dYDXCP _dWaSeSS |
||
| 042 |
_aukblsr _anlmcopyc |
||
| 050 |
_aRS 91 _b.W325 2008 |
||
| 100 | 1 |
_aWaterfield, Jon. _98658 |
|
| 245 | 1 | 0 |
_aCommunity pharmacy handbook _h[electronic resource] / _cJon Waterfield. |
| 260 |
_aLondon ; _aChicago : _bPharmaceutical Press, _c2008. |
||
| 300 |
_a287 p. : _bill. ; _c24 cm. |
||
| 506 | _aLicensed for access by U. of T. users. | ||
| 650 | 1 | 2 |
_aCommunity Pharmacy Services _98659 |
| 650 | 2 | 2 |
_aPractice Management _98660 |
| 856 | 4 | 0 |
_yScholars Portal Books: Pharmaceutical Press _uhttp://myaccess.library.utoronto.ca/login?url=http://books.scholarsportal.info/viewdoc.html?id=/ebooks/ebooks2/pharmpress/2011-02-24/1/9780853697169 |
| 942 |
_2lcc _cSSLC |
||
| 949 |
_a[ID ssj0000125933] _c1 _lONLINE _mE_RESOURCE _tE_RESOURCE |
||
| 999 |
_c13389 _d13389 |
||